[Event "Tarragona Province-ch"]
[Site "Tarragona"]
[Date "2015.11.29"]
[Round "9"]
[White "Domingo Basora, Sergi"]
[Black "Marin Martorell, Jose"]
[Result "0-1"]
[WhiteElo "1921"]
[BlackElo "2049"]
[PlyCount "58"]
[EventDate "2015.09.27"]
[EventType "swiss"]
[EventRounds "9"]
[EventCountry "ESP"]
[SourceTitle "EXT 2017"]
[Source "ChessBase"]
[SourceDate "2016.10.25"]
[SourceVersion "1"]
[SourceVersionDate "2016.10.25"]
[SourceQuality "1"]

1. d4 Nf6 2. c4 g6 3. Nc3 Bg7 4. e4 d6 5. Bd3 0-0 6. f3 Nc6 7. Nge2 e5 8. d5 Nd4 9. Nxd4 exd4 10. Ne2 Re8 11. Bg5 h6 12. Bh4 c5 13. dxc6 bxc6 14. Nxd4 Qa5+ 15. Kf1 Bd7 16. Be1 Qb6 17. Bc3 d5 18. e5 Rxe5 19. Nxc6 Ree8 20. Ne5 d4 21. Nxd7 Nxd7 22. Be1 Qxb2 23. Qb1 Rab8 24. Bg3 Ne5 25. Bxe5 Bxe5 26. a4 Qc3 27. Qd1 Bf4 28. Qc2 Qxa1+ 29. Kf2 Qxh1 0-1

[Event "Tarragona Province-ch"]
[Site "Tarragona"]
[Date "2015.10.11"]
[Round "3"]
[White "Pujol Codinach, Eduard"]
[Black "Marin Martorell, Jose"]
[Result "1-0"]
[WhiteElo "2133"]
[BlackElo "2049"]
[PlyCount "91"]
[EventDate "2015.09.27"]
[EventType "swiss"]
[EventRounds "9"]
[EventCountry "ESP"]
[SourceTitle "EXT 2017"]
[Source "ChessBase"]
[SourceDate "2016.10.25"]
[SourceVersion "1"]
[SourceVersionDate "2016.10.25"]
[SourceQuality "1"]

1. c4 e5 2. Nc3 Nc6 3. g3 g6 4. Bg2 Bg7 5. e3 d6 6. Nge2 Nge7 7. 0-0 0-0 8. d4 exd4 9. Nxd4 Nxd4 10. exd4 Nf5 11. d5 Bd7 12. Bf4 h6 13. Rc1 g5 14. Bd2 Qf6 15. b3 a6 16. Ne4 Qg6 17. Bc3 Rae8 18. Bxg7 Nxg7 19. f3 f5 20. Nc3 Re3 21. Qd2 Rfe8 22. Rfe1 R3e7 23. Rxe7 Rxe7 24. Re1 Qe8 25. Rxe7 Qxe7 26. Kf2 Nh5 27. Qe3 Qxe3+ 28. Kxe3 Kf7 29. Bf1 Nf6 30. Be2 h5 31. f4 g4 32. Kd4 b6 33. Bd3 Nh7 34. b4 Kg6 35. c5 b5 36. c6 Bc8 37. Bxb5 axb5 38. Nxb5 Ng5 39. fxg5 Kxg5 40. Ke3 h4 41. Nxc7 f4+ 42. gxf4+ Kf5 43. Nb5 g3 44. hxg3 h3 45. Kf2 Kg4 46. Nxd6 1-0